00309nam a2200109Ia 4500008004100000041000800041082002000049100003200069245005300101260003700154300000800191230128s9999 xx 000 0 und d aeng aDES PR0475bDES aDeshpande Neha - 2K101030 aEmployee Welfare and its Effects on Productivity c2012bPune UniversityaHyderabad a76p